| 000 | 01034nam a2200313Ia 4500 | ||
|---|---|---|---|
| 003 | OSt | ||
| 005 | 20221006155900.0 | ||
| 006 | a|||||r|||| 00| 0 | ||
| 007 | ta | ||
| 008 | 221006b |||||||| |||| 00| 0 eng d | ||
| 020 |
_a9780774816489 _c¥4781 |
||
| 024 | _a43,735 | ||
| 037 |
_bGift, Japan Foundation _cTextual |
||
| 040 |
_aEASL _cEASL _beng |
||
| 041 |
_2eng _aeng |
||
| 082 | _aV42:(Q6:65).M, P9 | ||
| 100 |
_aIon Hamish _9670756 |
||
| 245 | 0 | _aAmerican missionaries, christian Oyatoi, and Japan 1859 - 73 | |
| 260 |
_aToronto _bUBC Press _c2009 |
||
| 300 |
_a410p. _ccm. |
||
| 490 |
_v JEL _aAsian Religions and Society Series |
||
| 650 |
_a Japan - Church history _9648233 |
||
| 650 | _a JEL | ||
| 650 |
_a Missionaryes - Japan - History _9670757 |
||
| 650 |
_a Protestant churches - Missions - Japan - History _9670758 |
||
| 650 |
_aMissions - American - Japan - History _9670759 |
||
| 942 |
_hV42:(Q6:65).M, P9 _cTEXL _2CC |
||
| 999 |
_c1111827 _d1111827 |
||